000 00680nam a2200205Ia 4500
003 GCL
008 140319s9999 xx 000 0 ara d
040 _aGCL /
_cGCL
082 0 4 _aق
_b920.71
_bم م
100 1 _aمحمد شكرى الكرداوى
245 1 0 _aمذكرات خمسة وخمسين شهرا فى مخبىء /
_cمحمد شكرى الكرداوى
300 _a217 ص
490 _a
650 0 4 _aالاحوال السياسية
650 0 4 _aالتراجم الذاتية
650 0 4 _aالرجال - تراجم
650 0 4 _aمحمد شكرى الكرداوى
650 0 4 _aمصر - تاريخ - العصر الحديث (1805 - 1956 )
942 _2ddc
_cBK
999 _c45139
_d45139